| 000 | 00938nam a2200313 a 4500 | ||
|---|---|---|---|
| 001 | vtls000195838 | ||
| 003 | NLI | ||
| 005 | 20210602113028.0 | ||
| 008 | 101125s1974 enk 001 0 eng | ||
| 020 |
_a0177110740 : _cPND 3.00 |
||
| 039 | 9 |
_y201011252321 _zVLOAD |
|
| 040 | 0 |
_aNLI _beng _cDatasoft 1 _eAACR2 |
|
| 041 | 0 | _aeng | |
| 044 | _aenk | ||
| 082 | 0 | 4 | _a321.4 |
| 100 | 1 |
_aHolden, Barry _9364450 |
|
| 245 | 1 | 4 |
_aThe nature of democracy / _cBarry Holden |
| 260 |
_aLondon : _bNelson, _c1974 |
||
| 300 |
_axvii, 240 p. ; _c23 cm. |
||
| 440 | 0 |
_aNelson's political science library _966253 |
|
| 500 | _aIncludes index | ||
| 650 | 0 |
_aDemocracy _92011 |
|
| 887 | _a | ||
| 901 |
_a416586 _b1.3.1975 |
||
| 902 | _aE 321.4 H 711 | ||
| 942 |
_2ddc _cBKS |
||
| 949 |
_AVIRTUAITEM _D10000 _X100 _6PUR000416586ENG |
||
| 999 |
_aVIRTUA40 _c200046 _d200046 |
||
| 999 | _aVTLSSORT0080*0200*0400*0410*0440*0820*1000*2450*2600*3000*4400*5000*6500*9010*9020*9490*9991 | ||